[Event "DEM U14 2021"]
[Site "Willingen GER"]
[Date "2021.08.24"]
[Round "3"]
[White "Prieb, Robert"]
[Black "Herter, Arne"]
[Result "1-0"]
[Termination "normal"]
[Board "10"]
[WhiteTitle "CM"]
[WhiteElo "1950"]
[BlackElo "1740"]
[WhiteClock "00:14:02"]
[BlackClock "00:25:58"]
[PlyCount "63"]
[WhiteFideId "16212002"]
[BlackFideId "16255372"]
[EventCountry "GER"]
[EventRounds "9"]
[EventType "swiss"]
[EventDate "2021.08.22"]

1. d4 {[%clk 1:30:56]} Nf6 {[%clk 1:30:54]} 2. c4 {[%clk 1:31:11]} g6 {[%clk
1:31:20]} 3. Nc3 {[%clk 1:31:17]} Bg7 {[%clk 1:31:44]} 4. e4 {[%clk 1:31:19]}
d6 {[%clk 1:32:08]} 5. Nf3 {[%clk 1:31:32]} O-O {[%clk 1:32:29]} 6. Be2 {[%clk
1:31:39]} e5 {[%clk 1:32:51]} 7. O-O {[%clk 1:31:30]} Bg4 {[%clk 1:33:13]} 8.
Be3 {[%clk 1:27:59]} Bxf3 {[%clk 1:33:28]} 9. Bxf3 {[%clk 1:28:12]} exd4 {[%clk
1:33:51]} 10. Bxd4 {[%clk 1:28:17]} Nc6 {[%clk 1:34:12]} 11. Be3 {[%clk
1:27:28]} Re8 {[%clk 1:34:33]} 12. Re1 {[%clk 1:20:34]} Nd7 {[%clk 1:34:40]}
13. Qd2 {[%clk 1:15:21]} Bxc3 {[%clk 1:35:00]} 14. Qxc3 {[%clk 1:15:16]} Qf6
{[%clk 1:35:22]} 15. Qd2 {[%clk 1:09:49]} Nc5 {[%clk 1:35:38]} 16. Bg5 {[%clk
0:58:10]} Qe5 {[%clk 1:28:13]} 17. Bf4 {[%clk 0:55:55]} Qe6 {[%clk 1:28:09]}
18. b4 {[%clk 0:50:51]} Nd7 {[%clk 1:21:57]} 19. Rac1 {[%clk 0:47:09]} Nde5
{[%clk 1:19:37]} 20. Be2 {[%clk 0:46:11]} b6 {[%clk 1:06:43]} 21. f3 {[%clk
0:40:05]} a5 {[%clk 1:05:37]} 22. b5 {[%clk 0:35:50]} Nd8 {[%clk 1:03:32]} 23.
Bg3 {[%clk 0:31:46]} Nb7 {[%clk 0:57:14]} 24. f4 {[%clk 0:28:39]} Nd7 {[%clk
0:51:31]} 25. h3 {[%clk 0:23:07]} Nbc5 {[%clk 0:49:20]} 26. Bf3 {[%clk
0:22:37]} Rad8 {[%clk 0:48:59]} 27. Bh4 {[%clk 0:20:50]} f6 {[%clk 0:41:09]}
28. e5 {[%clk 0:17:33]} Kh8 {[%clk 0:35:24]} 29. exf6 {[%clk 0:16:33]} Qf7
{[%clk 0:31:35]} 30. Bd5 {[%clk 0:14:53]} Rxe1+ {[%clk 0:28:12]} 31. Rxe1
{[%clk 0:15:00]} Qf8 {[%clk 0:25:58]} 32. Qd4 {[%clk 0:14:02]} 1-0

[Event "DEM U14 2021"]
[Site "Willingen GER"]
[Date "2021.08.24"]
[Round "3"]
[White "Guo, Philipp Ziming"]
[Black "Danninger, Hugo"]
[Result "1/2-1/2"]
[Termination "normal"]
[Board "11"]
[WhiteElo "1728"]
[BlackElo "1749"]
[WhiteClock "00:01:38"]
[BlackClock "00:02:10"]
[PlyCount "79"]
[WhiteFideId "16245199"]
[BlackFideId "16271246"]
[EventCountry "GER"]
[EventRounds "9"]
[EventType "swiss"]
[EventDate "2021.08.22"]

1. e4 {[%clk 1:30:56]} e6 {[%clk 1:30:49]} 2. b3 {[%clk 1:31:19]} d5 {[%clk
1:29:35]} 3. Bb2 {[%clk 1:31:28]} Nf6 {[%clk 1:27:45]} 4. e5 {[%clk 1:31:28]}
Nfd7 {[%clk 1:27:20]} 5. f4 {[%clk 1:31:37]} c5 {[%clk 1:25:49]} 6. Nf3 {[%clk
1:31:03]} Qb6 {[%clk 1:24:52]} 7. Be2 {[%clk 1:27:06]} Nc6 {[%clk 1:19:23]} 8.
d4 {[%clk 1:21:51]} cxd4 {[%clk 1:02:43]} 9. Bxd4 {[%clk 1:19:22]} Nxd4 {[%clk
0:58:27]} 10. Nxd4 {[%clk 1:19:40]} Bc5 {[%clk 0:50:59]} 11. c3 {[%clk
1:19:30]} Nb8 {[%clk 0:49:51]} 12. b4 {[%clk 1:13:15]} Bxd4 {[%clk 0:47:30]}
13. Qxd4 {[%clk 1:13:35]} Qxd4 {[%clk 0:47:42]} 14. cxd4 {[%clk 1:13:38]} Ke7
{[%clk 0:47:38]} 15. Na3 {[%clk 0:57:23]} Bd7 {[%clk 0:44:12]} 16. Kd2 {[%clk
0:54:10]} Nc6 {[%clk 0:41:57]} 17. Nc2 {[%clk 0:53:59]} Rhc8 {[%clk 0:40:49]}
18. Rhb1 {[%clk 0:50:02]} a6 {[%clk 0:34:47]} 19. a4 {[%clk 0:43:49]} Rc7
{[%clk 0:29:50]} 20. Bd3 {[%clk 0:37:44]} Rac8 {[%clk 0:22:16]} 21. Ra2 {[%clk
0:31:32]} Ra8 {[%clk 0:15:11]} 22. Raa1 {[%clk 0:25:42]} h6 {[%clk 0:12:47]}
23. Ke3 {[%clk 0:18:32]} Rg8 {[%clk 0:06:20]} 24. Rf1 {[%clk 0:17:43]} Rcc8
{[%clk 0:03:10]} 25. g3 {[%clk 0:15:27]} g6 {[%clk 0:02:05]} 26. Kd2 {[%clk
0:14:36]} Na7 {[%clk 0:02:00]} 27. g4 {[%clk 0:12:16]} h5 {[%clk 0:01:54]} 28.
h3 {[%clk 0:11:42]} hxg4 {[%clk 0:02:05]} 29. hxg4 {[%clk 0:12:07]} Rh8 {[%clk
0:02:26]} 30. Rf2 {[%clk 0:11:34]} Rh4 {[%clk 0:02:37]} 31. Rg2 {[%clk
0:09:54]} Rch8 {[%clk 0:02:53]} 32. Ke2 {[%clk 0:07:15]} Rh1 {[%clk 0:02:39]}
33. Ra3 {[%clk 0:06:20]} R1h2 {[%clk 0:02:46]} 34. Kf2 {[%clk 0:06:01]} R8h4
{[%clk 0:02:39]} 35. Be2 {[%clk 0:05:21]} R4h3 {[%clk 0:02:31]} 36. Bf3 {[%clk
0:04:35]} Rh1 {[%clk 0:01:58]} 37. Rc3 {[%clk 0:02:54]} Kd8 {[%clk 0:01:47]}
38. a5 {[%clk 0:01:37]} Bb5 {[%clk 0:01:50]} 39. Rg1 {[%clk 0:01:25]} R1h2+
{[%clk 0:02:10]} 40. Rg2 {[%clk 0:01:38]} 1/2-1/2

[Event "DEM U14 2021"]
[Site "Willingen GER"]
[Date "2021.08.24"]
[Round "3"]
[White "Hoppstädter, Daniel"]
[Black "Aumüller, Naum"]
[Result "1-0"]
[Termination "normal"]
[Board "12"]
[WhiteElo "1743"]
[BlackElo "1674"]
[WhiteClock "00:13:12"]
[BlackClock "00:01:15"]
[PlyCount "136"]
[WhiteFideId "16243625"]
[BlackFideId "16263960"]
[EventCountry "GER"]
[EventRounds "9"]
[EventType "swiss"]
[EventDate "2021.08.22"]

1. d4 {[%clk 1:30:58]} Nf6 {[%clk 1:30:57]} 2. c4 {[%clk 1:31:21]} g6 {[%clk
1:31:08]} 3. f3 {[%clk 1:31:44]} Bg7 {[%clk 1:31:22]} 4. e4 {[%clk 1:32:06]} d6
{[%clk 1:31:44]} 5. Ne2 {[%clk 1:32:28]} O-O {[%clk 1:31:45]} 6. Be3 {[%clk
1:32:45]} e5 {[%clk 1:31:18]} 7. Nbc3 {[%clk 1:32:55]} Nfd7 {[%clk 1:25:00]} 8.
Qd2 {[%clk 1:28:09]} Re8 {[%clk 1:20:53]} 9. O-O-O {[%clk 1:26:19]} exd4 {[%clk
1:11:45]} 10. Nxd4 {[%clk 1:18:14]} Nc6 {[%clk 1:09:37]} 11. Nd5 {[%clk
1:14:52]} Ne7 {[%clk 1:00:07]} 12. Bg5 {[%clk 1:13:54]} Bxd4 {[%clk 0:58:28]}
13. Qxd4 {[%clk 1:13:50]} Nc6 {[%clk 0:58:28]} 14. Bxd8 {[%clk 1:11:52]} Nxd4
{[%clk 0:58:55]} 15. Rxd4 {[%clk 1:11:49]} Rxd8 {[%clk 0:59:06]} 16. Nxc7
{[%clk 1:12:05]} Rb8 {[%clk 0:59:11]} 17. Rxd6 {[%clk 1:12:02]} Rf8 {[%clk
0:58:09]} 18. Nd5 {[%clk 1:11:36]} Ne5 {[%clk 0:58:09]} 19. Ne7+ {[%clk
1:11:15]} Kg7 {[%clk 0:58:31]} 20. f4 {[%clk 1:11:08]} Ng4 {[%clk 0:58:45]} 21.
Nxc8 {[%clk 1:08:14]} Rfxc8 {[%clk 0:58:18]} 22. e5 {[%clk 1:08:10]} Ne3 {[%clk
0:57:13]} 23. b3 {[%clk 1:07:54]} b5 {[%clk 0:55:48]} 24. Rd4 {[%clk 1:04:46]}
bxc4 {[%clk 0:55:34]} 25. Bxc4 {[%clk 1:04:30]} Nxc4 {[%clk 0:55:33]} 26. Rxc4
{[%clk 1:04:13]} Rxc4+ {[%clk 0:55:56]} 27. bxc4 {[%clk 1:04:39]} Rc8 {[%clk
0:56:02]} 28. g3 {[%clk 1:04:49]} Rxc4+ {[%clk 0:56:26]} 29. Kb2 {[%clk
1:05:02]} Kf8 {[%clk 0:41:40]} 30. Rc1 {[%clk 1:04:46]} Rb4+ {[%clk 0:41:51]}
31. Kc3 {[%clk 1:01:53]} Rb6 {[%clk 0:41:21]} 32. Rc2 {[%clk 0:59:43]} Ke7
{[%clk 0:40:07]} 33. Kd4 {[%clk 0:58:11]} Kd7 {[%clk 0:39:32]} 34. g4 {[%clk
0:42:00]} Ra6 {[%clk 0:17:43]} 35. Rf2 {[%clk 0:27:45]} Ra4+ {[%clk 0:12:22]}
36. Kd5 {[%clk 0:20:59]} Ra5+ {[%clk 0:10:51]} 37. Kc4 {[%clk 0:19:52]} Kc6
{[%clk 0:08:23]} 38. Rc2 {[%clk 0:16:34]} Kd7 {[%clk 0:07:13]} 39. Kb4 {[%clk
0:16:17]} Rd5 {[%clk 0:06:15]} 40. a4 {[%clk 0:10:01]} g5 {[%clk 0:01:00]} 41.
fxg5 {[%clk 0:09:03]} Rxe5 {[%clk 0:00:47]} 42. h4 {[%clk 0:07:41]} a5+ {[%clk
0:27:30]} 43. Kb3 {[%clk 0:37:44]} Re4 {[%clk 0:26:40]} 44. Rc4 {[%clk
0:38:06]} Re3+ {[%clk 0:26:46]} 45. Kc2 {[%clk 0:37:53]} Kd6 {[%clk 0:25:55]}
46. Rf4 {[%clk 0:38:00]} Ke6 {[%clk 0:23:38]} 47. h5 {[%clk 0:36:15]} Re5
{[%clk 0:22:09]} 48. Rf6+ {[%clk 0:36:06]} Ke7 {[%clk 0:22:06]} 49. Rf5 {[%clk
0:36:35]} Ke6 {[%clk 0:21:43]} 50. Rf6+ {[%clk 0:31:22]} Ke7 {[%clk 0:21:22]}
51. Rb6 {[%clk 0:30:04]} Rxg5 {[%clk 0:20:03]} 52. Rb5 {[%clk 0:30:20]} Rxg4
{[%clk 0:17:07]} 53. Rxa5 {[%clk 0:30:47]} Kd6 {[%clk 0:14:23]} 54. Kb3 {[%clk
0:28:43]} Rf4 {[%clk 0:12:36]} 55. Ra6+ {[%clk 0:28:47]} Ke7 {[%clk 0:05:21]}
56. a5 {[%clk 0:27:23]} Rf5 {[%clk 0:04:31]} 57. h6 {[%clk 0:27:28]} Kd7 {[%clk
0:04:45]} 58. Kb4 {[%clk 0:26:28]} Kc7 {[%clk 0:04:26]} 59. Rb6 {[%clk
0:25:54]} Kc8 {[%clk 0:03:11]} 60. a6 {[%clk 0:26:07]} Kc7 {[%clk 0:03:25]} 61.
Rb7+ {[%clk 0:19:30]} Kc8 {[%clk 0:03:37]} 62. Rb6 {[%clk 0:14:46]} Kc7 {[%clk
0:03:48]} 63. a7 {[%clk 0:14:36]} Rf4+ {[%clk 0:03:40]} 64. Kb5 {[%clk
0:13:55]} Rf5+ {[%clk 0:03:58]} 65. Ka6 {[%clk 0:14:14]} Rf1 {[%clk 0:03:51]}
66. Rc6+ {[%clk 0:12:51]} Kxc6 {[%clk 0:00:47]} 67. a8=Q+ {[%clk 0:13:11]} Kd7
{[%clk 0:01:02]} 68. Qd5+ {[%clk 0:13:12]} Ke7 {[%clk 0:01:15]} 1-0

[Event "DEM U14 2021"]
[Site "Willingen GER"]
[Date "2021.08.24"]
[Round "3"]
[White "Rose, Daniel"]
[Black "Andrade, Ruben"]
[Result "1-0"]
[Termination "normal"]
[Board "13"]
[WhiteElo "1848"]
[BlackElo "1638"]
[WhiteClock "00:14:47"]
[BlackClock "00:02:07"]
[PlyCount "77"]
[WhiteFideId "16242963"]
[BlackFideId "16246829"]
[EventCountry "GER"]
[EventRounds "9"]
[EventType "swiss"]
[EventDate "2021.08.22"]

1. d4 {[%clk 1:30:58]} f5 {[%clk 1:30:56]} 2. c4 {[%clk 1:31:23]} Nf6 {[%clk
1:31:21]} 3. g3 {[%clk 1:31:48]} g6 {[%clk 1:31:32]} 4. Bg2 {[%clk 1:32:08]}
Bg7 {[%clk 1:31:56]} 5. Nf3 {[%clk 1:32:32]} O-O {[%clk 1:32:18]} 6. O-O {[%clk
1:32:58]} d6 {[%clk 1:32:39]} 7. Nc3 {[%clk 1:33:13]} c6 {[%clk 1:32:47]} 8. d5
{[%clk 1:33:11]} e5 {[%clk 1:30:10]} 9. dxe6 {[%clk 1:33:25]} Bxe6 {[%clk
1:30:29]} 10. b3 {[%clk 1:33:47]} d5 {[%clk 1:18:31]} 11. Ng5 {[%clk 1:31:42]}
Bc8 {[%clk 1:16:39]} 12. cxd5 {[%clk 1:31:06]} Nxd5 {[%clk 1:16:26]} 13. Bxd5+
{[%clk 1:10:18]} cxd5 {[%clk 1:16:44]} 14. Qd3 {[%clk 0:53:27]} h6 {[%clk
0:53:03]} 15. Nf3 {[%clk 0:51:39]} Nc6 {[%clk 0:42:25]} 16. Ba3 {[%clk
0:45:48]} Re8 {[%clk 0:38:09]} 17. Rad1 {[%clk 0:32:56]} Be6 {[%clk 0:32:46]}
18. e3 {[%clk 0:24:18]} d4 {[%clk 0:24:11]} 19. Nxd4 {[%clk 0:23:15]} Nxd4
{[%clk 0:24:10]} 20. exd4 {[%clk 0:23:39]} Qf6 {[%clk 0:23:12]} 21. Nb5 {[%clk
0:23:18]} Rec8 {[%clk 0:17:03]} 22. Bd6 {[%clk 0:21:53]} Bd7 {[%clk 0:15:23]}
23. Be5 {[%clk 0:19:09]} Qc6 {[%clk 0:12:44]} 24. Nd6 {[%clk 0:17:54]} Rd8
{[%clk 0:07:26]} 25. d5 {[%clk 0:17:48]} Qb6 {[%clk 0:06:29]} 26. Bxg7 {[%clk
0:18:07]} Kxg7 {[%clk 0:06:46]} 27. Qc3+ {[%clk 0:18:26]} Kh7 {[%clk 0:06:09]}
28. Qf6 {[%clk 0:17:30]} Rg8 {[%clk 0:02:53]} 29. Rfe1 {[%clk 0:16:59]} Rg7
{[%clk 0:02:44]} 30. Re7 {[%clk 0:16:58]} Rag8 {[%clk 0:03:01]} 31. Rde1 {[%clk
0:15:37]} Bb5 {[%clk 0:01:20]} 32. h4 {[%clk 0:13:02]} Bd3 {[%clk 0:00:50]} 33.
Ne8 {[%clk 0:12:49]} Qxf6 {[%clk 0:00:34]} 34. Nxf6+ {[%clk 0:13:14]} Kh8
{[%clk 0:00:55]} 35. Rxg7 {[%clk 0:13:12]} Kxg7 {[%clk 0:01:00]} 36. Nxg8
{[%clk 0:13:36]} Kxg8 37. d6 Bb5 {[%clk 0:01:43]} 38. Re7 {[%clk 0:14:23]} Kf8
{[%clk 0:02:07]} 39. Rxb7 {[%clk 0:14:47]} 1-0

[Event "DEM U14 2021"]
[Site "Willingen GER"]
[Date "2021.08.24"]
[Round "3"]
[White "Bock, Marlon"]
[Black "Schön, Florian"]
[Result "1-0"]
[Termination "normal"]
[Board "14"]
[WhiteElo "1767"]
[BlackElo "1642"]
[WhiteClock "00:12:03"]
[BlackClock "00:05:40"]
[PlyCount "69"]
[WhiteFideId "16244931"]
[BlackFideId "16259394"]
[EventCountry "GER"]
[EventRounds "9"]
[EventType "swiss"]
[EventDate "2021.08.22"]

1. d4 {[%clk 1:30:57]} Nf6 {[%clk 1:30:52]} 2. Nf3 {[%clk 1:31:15]} d5 {[%clk
1:31:17]} 3. e3 {[%clk 1:31:16]} Bg4 {[%clk 1:30:23]} 4. Nbd2 {[%clk 1:28:47]}
c6 {[%clk 1:28:27]} 5. Be2 {[%clk 1:27:08]} e6 {[%clk 1:26:58]} 6. O-O {[%clk
1:26:20]} Bd6 {[%clk 1:26:16]} 7. Ne5 {[%clk 1:25:36]} Bxe2 {[%clk 1:15:24]} 8.
Qxe2 {[%clk 1:24:05]} Nbd7 9. f4 {[%clk 1:22:56]} O-O {[%clk 1:14:03]} 10. b3
{[%clk 1:20:29]} c5 {[%clk 1:03:13]} 11. Bb2 {[%clk 1:18:04]} Rc8 {[%clk
0:57:55]} 12. Rac1 {[%clk 1:15:06]} Qe7 {[%clk 0:55:53]} 13. Rf3 {[%clk
1:07:59]} a6 {[%clk 0:46:38]} 14. Rg3 {[%clk 1:05:35]} b5 {[%clk 0:44:43]} 15.
Nxd7 {[%clk 1:02:07]} Qxd7 {[%clk 0:43:49]} 16. dxc5 {[%clk 1:02:18]} Be7
{[%clk 0:44:13]} 17. b4 {[%clk 0:58:48]} g6 {[%clk 0:39:45]} 18. e4 {[%clk
0:53:18]} a5 {[%clk 0:37:51]} 19. a3 {[%clk 0:45:41]} axb4 {[%clk 0:35:09]} 20.
axb4 {[%clk 0:45:49]} Rfe8 {[%clk 0:31:13]} 21. e5 {[%clk 0:44:38]} Ne4 {[%clk
0:31:04]} 22. Nxe4 {[%clk 0:44:51]} dxe4 {[%clk 0:31:31]} 23. Qxe4 {[%clk
0:44:57]} Ra8 {[%clk 0:30:46]} 24. Rd3 {[%clk 0:42:37]} Qc7 {[%clk 0:30:50]}
25. Rcd1 {[%clk 0:41:14]} Ra2 {[%clk 0:29:18]} 26. Rd7 {[%clk 0:39:22]} Qc8
{[%clk 0:26:26]} 27. Bc3 {[%clk 0:37:18]} Kg7 {[%clk 0:21:00]} 28. g4 {[%clk
0:33:22]} Ra3 {[%clk 0:17:46]} 29. Qd4 {[%clk 0:27:30]} Bh4 {[%clk 0:10:11]}
30. f5 {[%clk 0:23:37]} Qa8 {[%clk 0:08:52]} 31. f6+ {[%clk 0:19:31]} Kh6
{[%clk 0:09:09]} 32. g5+ {[%clk 0:18:33]} Kh5 {[%clk 0:07:51]} 33. Rd3 {[%clk
0:12:38]} Rxc3 {[%clk 0:05:15]} 34. Rxc3 {[%clk 0:11:51]} Qa1+ {[%clk 0:05:40]}
35. Qd1+ {[%clk 0:12:03]} 1-0

[Event "DEM U14 2021"]
[Site "Willingen GER"]
[Date "2021.08.24"]
[Round "3"]
[White "Honstein, Michael"]
[Black "Schott, Andy"]
[Result "1-0"]
[Termination "normal"]
[Board "15"]
[WhiteElo "1810"]
[BlackElo "1555"]
[WhiteClock "00:33:32"]
[BlackClock "00:02:02"]
[PlyCount "51"]
[WhiteFideId "16287053"]
[BlackFideId "16244940"]
[EventCountry "GER"]
[EventRounds "9"]
[EventType "swiss"]
[EventDate "2021.08.22"]

1. e4 {[%clk 1:30:58]} c5 {[%clk 1:30:52]} 2. Nf3 {[%clk 1:31:17]} d6 {[%clk
1:31:17]} 3. d4 {[%clk 1:31:44]} cxd4 {[%clk 1:31:43]} 4. Qxd4 {[%clk 1:31:50]}
Nf6 {[%clk 1:31:28]} 5. c4 {[%clk 1:32:02]} Nc6 {[%clk 1:31:48]} 6. Qe3 {[%clk
1:32:27]} Bg4 {[%clk 1:28:18]} 7. Be2 {[%clk 1:31:16]} e6 {[%clk 1:28:03]} 8.
O-O {[%clk 1:31:25]} Be7 {[%clk 1:28:30]} 9. Nc3 {[%clk 1:29:27]} O-O {[%clk
1:28:36]} 10. b3 {[%clk 1:29:43]} Rc8 {[%clk 1:25:16]} 11. Bb2 {[%clk 1:27:11]}
a6 {[%clk 1:08:18]} 12. Rfd1 {[%clk 1:22:05]} Qc7 {[%clk 1:07:40]} 13. Rac1
{[%clk 1:19:46]} Rfd8 {[%clk 1:07:42]} 14. h3 {[%clk 1:13:30]} Bh5 {[%clk
1:06:44]} 15. g4 {[%clk 1:06:23]} Bg6 {[%clk 1:05:44]} 16. Kh1 {[%clk 1:04:00]}
Nd7 {[%clk 0:46:48]} 17. h4 {[%clk 0:55:39]} h6 {[%clk 0:21:25]} 18. h5 {[%clk
0:45:41]} Bh7 {[%clk 0:21:07]} 19. g5 {[%clk 0:38:16]} hxg5 {[%clk 0:14:34]}
20. Nxg5 {[%clk 0:37:03]} Qb6 {[%clk 0:14:49]} 21. Qg3 Nf6 {[%clk 0:02:48]} 22.
Rg1 {[%clk 0:32:54]} g6 {[%clk 0:01:31]} 23. hxg6 {[%clk 0:32:25]} Bxg6 {[%clk
0:01:41]} 24. Nxf7 {[%clk 0:32:48]} Kxf7 {[%clk 0:01:39]} 25. Qxg6+ {[%clk
0:33:12]} Kf8 {[%clk 0:02:02]} 26. Bh5 {[%clk 0:33:32]} 1-0

[Event "DEM U14 2021"]
[Site "Willingen GER"]
[Date "2021.08.24"]
[Round "3"]
[White "Hayen, Andre"]
[Black "Uhlmann, Tim"]
[Result "0-1"]
[Termination "normal"]
[Board "16"]
[WhiteElo "1438"]
[BlackElo "1704"]
[WhiteClock "00:05:40"]
[BlackClock "00:48:32"]
[PlyCount "78"]
[WhiteFideId "16278984"]
[BlackFideId "16239210"]
[EventCountry "GER"]
[EventRounds "9"]
[EventType "swiss"]
[EventDate "2021.08.22"]

1. e4 {[%clk 1:30:57]} e5 {[%clk 1:30:56]} 2. Nf3 {[%clk 1:31:23]} Nc6 {[%clk
1:31:22]} 3. d4 {[%clk 1:31:50]} exd4 {[%clk 1:31:48]} 4. Nxd4 {[%clk 1:32:16]}
Nf6 {[%clk 1:32:07]} 5. Nxc6 {[%clk 1:32:01]} bxc6 {[%clk 1:32:30]} 6. e5
{[%clk 1:32:21]} Qe7 {[%clk 1:32:57]} 7. Qe2 {[%clk 1:32:47]} Nd5 {[%clk
1:33:21]} 8. c4 {[%clk 1:33:12]} Ba6 {[%clk 1:33:47]} 9. b3 {[%clk 1:33:36]}
Qh4 {[%clk 1:33:00]} 10. Bb2 {[%clk 1:29:03]} Bb4+ {[%clk 1:29:50]} 11. Nd2
{[%clk 1:29:00]} O-O {[%clk 1:29:40]} 12. a3 {[%clk 1:23:31]} Ba5 {[%clk
1:26:52]} 13. b4 {[%clk 1:11:52]} Bb6 {[%clk 1:23:00]} 14. Qf3 {[%clk 0:48:01]}
Ne3 {[%clk 1:14:47]} 15. g3 {[%clk 0:46:13]} Qh6 {[%clk 1:11:53]} 16. fxe3
{[%clk 0:44:50]} Bxe3 {[%clk 1:12:04]} 17. Nb3 {[%clk 0:30:47]} Rae8 {[%clk
1:08:09]} 18. c5 {[%clk 0:24:06]} Bc8 {[%clk 1:05:09]} 19. h4 {[%clk 0:21:51]}
f5 {[%clk 1:03:24]} 20. Bc4+ {[%clk 0:21:41]} Kh8 {[%clk 1:03:34]} 21. Ke2
{[%clk 0:20:19]} f4 {[%clk 1:03:27]} 22. Raf1 {[%clk 0:20:04]} Qg6 {[%clk
1:00:04]} 23. Bd3 {[%clk 0:19:37]} Ba6 {[%clk 0:54:59]} 24. Nc1 {[%clk
0:17:44]} Bxc1 {[%clk 0:52:37]} 25. Bxc1 {[%clk 0:17:16]} Rxe5+ {[%clk
0:52:57]} 26. Kd2 {[%clk 0:17:24]} Bxd3 {[%clk 0:53:10]} 27. h5 {[%clk
0:16:28]} Qf5 {[%clk 0:49:52]} 28. g4 {[%clk 0:11:38]} Qe6 {[%clk 0:48:43]} 29.
Qxd3 {[%clk 0:10:30]} Rd5 {[%clk 0:48:58]} 30. Qxd5 {[%clk 0:07:49]} Qxd5+
{[%clk 0:49:21]} 31. Kc2 {[%clk 0:08:17]} h6 {[%clk 0:48:57]} 32. Rd1 {[%clk
0:07:46]} Qg2+ {[%clk 0:48:43]} 33. Kb1 {[%clk 0:07:04]} Qxg4 {[%clk 0:49:03]}
34. Ka1 {[%clk 0:06:59]} f3 {[%clk 0:49:12]} 35. Rhg1 {[%clk 0:06:54]} Qxh5
{[%clk 0:49:12]} 36. Rxd7 {[%clk 0:06:51]} f2 {[%clk 0:48:32]} 37. Rf1 {[%clk
0:05:16]} Qe5+ {[%clk 0:48:09]} 38. Bb2 {[%clk 0:05:31]} Qe1+ {[%clk 0:48:16]}
39. Rd1 {[%clk 0:05:40]} Qxd1+ {[%clk 0:48:32]} 0-1

[Event "DEM U14 2021"]
[Site "Willingen GER"]
[Date "2021.08.24"]
[Round "3"]
[White "von Mettenheim, Johannes"]
[Black "Kieselbach, Marvin"]
[Result "1-0"]
[Termination "normal"]
[Board "17"]
[WhiteElo "1953"]
[BlackElo "1592"]
[WhiteClock "01:14:10"]
[BlackClock "00:01:13"]
[PlyCount "83"]
[WhiteFideId "16244818"]
[BlackFideId "16235770"]
[EventCountry "GER"]
[EventRounds "9"]
[EventType "swiss"]
[EventDate "2021.08.22"]

1. d4 {[%clk 1:30:53]} e6 {[%clk 1:30:54]} 2. c4 {[%clk 1:31:08]} f5 {[%clk
1:30:23]} 3. g3 {[%clk 1:31:09]} d5 {[%clk 1:30:14]} 4. Bg2 {[%clk 1:31:31]}
Nf6 {[%clk 1:30:20]} 5. Nc3 {[%clk 1:31:47]} c6 {[%clk 1:30:23]} 6. Nf3 {[%clk
1:32:09]} Be7 {[%clk 1:30:26]} 7. O-O {[%clk 1:32:30]} Nbd7 {[%clk 1:26:10]} 8.
Qc2 {[%clk 1:32:06]} Ne4 {[%clk 1:25:51]} 9. Ne5 {[%clk 1:29:43]} Nxe5 {[%clk
1:18:16]} 10. dxe5 {[%clk 1:30:05]} h5 {[%clk 1:15:26]} 11. Nxe4 {[%clk
1:28:44]} dxe4 {[%clk 1:15:49]} 12. h4 {[%clk 1:15:06]} g5 {[%clk 1:13:54]} 13.
hxg5 {[%clk 1:15:01]} Bxg5 {[%clk 1:13:44]} 14. Rd1 {[%clk 1:15:24]} Qe7 {[%clk
1:13:37]} 15. Bxg5 {[%clk 1:15:47]} Qxg5 {[%clk 1:14:01]} 16. Qd2 {[%clk
1:16:14]} Qxd2 {[%clk 1:10:56]} 17. Rxd2 {[%clk 1:16:40]} Bd7 {[%clk 1:10:12]}
18. Rad1 {[%clk 1:16:28]} O-O-O {[%clk 1:09:51]} 19. c5 {[%clk 1:16:54]} h4
{[%clk 1:08:32]} 20. e3 {[%clk 1:11:29]} Rh7 {[%clk 0:50:15]} 21. gxh4 {[%clk
1:11:40]} Rg8 {[%clk 0:33:36]} 22. Kf1 {[%clk 1:12:00]} Be8 {[%clk 0:23:10]}
23. Rd8+ {[%clk 1:11:33]} Kc7 {[%clk 0:23:34]} 24. Ra8 {[%clk 1:11:16]} Bf7
{[%clk 0:18:11]} 25. Rxg8 {[%clk 1:11:34]} Bxg8 {[%clk 0:18:37]} 26. Ke2 {[%clk
1:11:46]} Rxh4 {[%clk 0:18:05]} 27. Rh1 {[%clk 1:11:35]} Rxh1 {[%clk 0:18:20]}
28. Bxh1 {[%clk 1:12:01]} Bf7 {[%clk 0:17:54]} 29. f3 {[%clk 1:10:31]} Bh5
{[%clk 0:17:10]} 30. Kf2 {[%clk 1:10:57]} exf3 {[%clk 0:14:24]} 31. Bxf3 {[%clk
1:11:21]} Be8 {[%clk 0:12:53]} 32. Kg3 {[%clk 1:11:46]} a5 {[%clk 0:11:42]} 33.
Kf4 {[%clk 1:11:32]} b6 {[%clk 0:10:20]} 34. Kg5 {[%clk 1:11:46]} bxc5 {[%clk
0:09:44]} 35. Kf6 {[%clk 1:12:09]} Bd7 {[%clk 0:04:56]} 36. Ke7 {[%clk
1:12:34]} Bc8 {[%clk 0:03:59]} 37. Be2 {[%clk 1:12:58]} a4 {[%clk 0:02:13]} 38.
a3 {[%clk 1:13:22]} c4 {[%clk 0:01:17]} 39. Bxc4 {[%clk 1:13:45]} Kb6 {[%clk
0:01:19]} 40. Kd6 {[%clk 1:14:09]} c5 {[%clk 0:01:05]} 41. Bxe6 {[%clk
1:14:10]} Bb7 {[%clk 0:01:13]} 42. Bd7 1-0